Responses for Show #1478 - Wednesday, January 23, 1991

Lynne Wexler game 1.

Contestants

[<< previous game]

Lynne Wexler, a librarian from Evanston, Illinois

Al Easter, a data processor from Minneapolis, Minnesota

Mark Parthemer, an attorney and bookseller originally from Portland, Oregon (whose 1-day cash winnings total $12,399)

[next game >>]

Jeopardy! Round responses

WORLD FACTS
DOUBLE TALK
SPORTS GREATS
1960s TV
JEWELRY
AUTOMOTIVE HISTORY
    $100 12
Copenhagen

Mark
    $100 7
a murmur

Al
    $100 22
Joe Montana

Al
    $100 2
Don Rickles

Lynne
    $100 17
a pearl

Al
    $100 1
automatic transmission

Lynne
    $200 13
the national anthem

Mark
    $200 8
so-so

Al
    $200 23
"Babe" Didrikson Zaharias

Lynne
    $200 3
Daktari

Al
    $200 18
Tiffany's

Lynne
    $200 25
(Alex: With less than a minute to go.)

Ford

Mark
    $300 14
Rio de Janeiro

Mark
    $300 9
Papa

Lynne
    $300 24
(Kareem Abdul-)Jabbar

Mark
    $300 4
(Mark: What was Green Acres?)

Gomer Pyle

Mark
Triple Stumper
    $800 19
(Lynne: Not coming.)
...
(Lynne: It wouldn't have come.)
[Laughter]
(Lynne: It was nowhere near.)

a lapidary

Lynne
    $300 26
Porsche

Mark
    $400 15
the United States flag

Al
    $400 10
beri-beri

Al
    $400 29
Johnny Bench

Al
    $400 5
Peyton Place

Al
    $400 20
coronets

Lynne
    $400 27
tailfins

Mark
    $500 16
the Bosporus & the Dardanelles

Al
    $500 11
Jimmy Dean, Jimmy Dean

Lynne
    $500 30
Jesse Owens

Mark
    $500 6
The Prisoner

Lynne
    $500 21
fasten

Triple Stumper
    $500 28
American Motors

Mark

Scores at the first commercial break (after clue 16):

Mark Al Lynne
$300 $2,200 $1,500

Scores at the end of the Jeopardy! Round:

Mark Al Lynne
$2,500 $2,800 $1,500

Double Jeopardy! Round responses

MUSICAL TERMS
VEGETABLES
POETS & POETRY
VICE PRESIDENTS
LIBRARIES
NOVEL CHARACTERS
    $200 14
a baton

Al
    $200 20
squash

Lynne
    $200 8
your heart

Al
    $200 12
Humphrey

Lynne
    $200 4
Las Vegas

Mark
    $200 1
Nicholas Nickleby

Lynne
    $400 21
calypso

Mark
    $400 24
a turnip

Al
    $400 9
Allen Ginsberg

Lynne
    $400 15
Nelson Rockefeller

Al
    $400 5
(Mark: What is Milan?)

Florence

MarkLynne
    $400 2
The House of the Seven Gables

Al
    $1,500 26
rhapsodies

Lynne
    $600 25
broccoli & cauliflower

Lynne
    $1,000 10
a Nightingale

Lynne
    $600 16
George Dallas

Triple Stumper
    $600 19
the Hapsburgs

Al
    $600 3
1984

Mark
    $800 27
perfect pitch

Lynne
    $800 29
(Mark: What is a leek?)

asparagus

Mark
Triple Stumper
    $800 11
home from the hill

Al
    $800 17
John Nance Garner

Mark
    $800 22
the Vatican Library

Triple Stumper
    $800 6
The Jungle

Mark
    $1000 28
mezzo piano

Lynne
    $1000 30
the radish

Triple Stumper
    $1000 13
the world

Lynne
    $1000 18
John C. Calhoun

Mark
    $1000 23
the Bibliothèque nationale

Mark
    $1000 7
Lost Horizon

Lynne

Scores at the end of the Double Jeopardy! Round:

Mark Al Lynne
$6,100 $5,800 $9,800

[wagering suggestions for these scores]

Final Jeopardy! Round responses

MYTHOLOGY
AlWho was Apollo?
$5,775
MarkWho was Apollo?
$6,099
LynneWho was Apollo?
$2,401
Apollo

Final scores:

Mark Al Lynne
$12,199 $11,575 $12,201
2nd place: Keller bedroom furniture + Northwestern Bell phones 3rd place: Allen Edmonds executive attaché case + Nintendo Entertainment System with games New champion: $12,201

Game dynamics:

Coryat scores:

Mark Al Lynne
$6,100 $5,800 $9,300
16 R,
3 W
17 R,
0 W
20 R
(including 2 DDs),
1 W
(including 1 DD)

Combined Coryat: $21,200

[game clues] [game scores] [suggest correction]

Game tape date: 1990-10-15
The J! Archive is created by fans, for fans. Scraping, republication, monetization, and malicious use prohibited; this site may use cookies and collect identifying information. See terms. The Jeopardy! game show and all elements thereof, including but not limited to copyright and trademark thereto, are the property of Jeopardy Productions, Inc. and are protected under law. This website is not affiliated with, sponsored by, or operated by Jeopardy Productions, Inc. Join the discussion at JBoard.tv.